[Event "Aut_2.Bundesliga_Ost_2003/04"]
[Site "Bruck/Leitha (1+2), Wien (3+4), Eichgraben (5-7), Wien (8+9), Eichgraben (10+11)"]
[Date "2004.02.01"]
[Round "9"]
[Board "1"]
[White "Videki, Sandor"]
[Black "Palkoevi, Jozsef"]
[Result "1/2-1/2"]
[WhiteElo "2430"]
[BlackElo "2428"]
[PlyCount "43"]

1.e4 c5 2.Nf3 d6 3.Bb5+ Bd7 4.Bxd7+ Nxd7 5.O-O Ngf6 6.Qe2 e6 7.d3 Be7 8.Ng5 h6
9.Nh3 g5 10.c4 Qc7 11.Be3 Ne5 12.f3 O-O-O 13.Nd2 Nc6 14.Rac1 Rdg8 15.Kh1 Rh7
16.Nb3 e5 17.Nd2 Qd7 18.Nb1 Nd4 19.Bxd4 exd4 20.Nd2 h5 21.b4 Qe6 22.Rce1

[Event "Aut_2.Bundesliga_Ost_2003/04"]
[Site "Bruck/Leitha (1+2), Wien (3+4), Eichgraben (5-7), Wien (8+9), Eichgraben (10+11)"]
[Date "2004.02.01"]
[Round "9"]
[Board "2"]
[White "Rumpl, Erwin"]
[Black "Neumeier, Klaus"]
[Result "1/2-1/2"]
[WhiteElo "2254"]
[BlackElo "2280"]
[PlyCount "134"]

1.e4 e5 2.Nf3 Nc6 3.Bc4 Nf6 4.d3 Be7 5.O-O O-O 6.Re1 d6 7.c3 Na5 8.Bb5 a6 9.Ba4
c5 10.Nbd2 Nc6 11.Nf1 Re8 12.Ng3 h6 13.h3 Bf8 14.d4 b5 15.Bc2 cxd4 16.cxd4 exd4
17.Nxd4 Nxd4 18.Qxd4 Qc7 19.Qc3 Qxc3 20.bxc3 Be6 21.Bd2 Rec8 22.Bb3 Nd7 23.Ne2
Nb6 24.Be3 Nc4 25.Nf4 g6 26.Bd4 h5 27.Red1 Bh6 28.Nxe6 fxe6 29.a4 Kf7 30.axb5
axb5 31.Bxc4 bxc4 32.Bb6 Bf4 33.Ba5 Be5 34.g3 g5 35.Bb4 Ke7 36.Kg2 Rcb8 37.Rf1
Kd7 38.Rxa8 Rxa8 39.f4 Ra2+ 40.Kf3 gxf4 41.gxf4 Bf6 42.Rd1 Be7 43.Bxd6 Bxd6
44.e5 Rc2 45.Rxd6+ Ke7 46.Ke4 Rxc3 47.h4 Rh3 48.Rc6 c3 49.Rc7+ Kd8 50.Rc4 Kd7
51.Rc5 Kd8 52.Rc6 Kd7 53.Rc4 Kd8 54.Kd4 Rxh4 55.Rxc3 Rxf4+ 56.Kc5 Ke7 57.Ra3 Kf7
58.Ra7+ Kg6 59.Kd6 h4 60.Kxe6 h3 61.Ra8 Kg5 62.Rg8+ Kh4 63.Kd6 Rd4+ 64.Kc6 h2
65.Rh8+ Kg3 66.Rxh2 Kxh2 67.e6 Re4

[Event "Aut_2.Bundesliga_Ost_2003/04"]
[Site "Bruck/Leitha (1+2), Wien (3+4), Eichgraben (5-7), Wien (8+9), Eichgraben (10+11)"]
[Date "2004.02.01"]
[Round "9"]
[Board "4"]
[White "Wadsack, Wolfgang"]
[Black "Pichler, Michael"]
[Result "1/2-1/2"]
[WhiteElo "2176"]
[BlackElo "2172"]
[PlyCount "27"]

1.e4 e6 2.d4 d5 3.e5 c5 4.c3 Nc6 5.Nf3 Qb6 6.Bd3 cxd4 7.cxd4 Bd7 8.O-O Nxd4
9.Nxd4 Qxd4 10.Nc3 Qxe5 11.Re1 Qb8 12.Nxd5 Bd6 13.Qg4 Kf8 14.Bd2

[Event "Aut_2.Bundesliga_Ost_2003/04"]
[Site "Bruck/Leitha (1+2), Wien (3+4), Eichgraben (5-7), Wien (8+9), Eichgraben (10+11)"]
[Date "2004.02.01"]
[Round "9"]
[Board "5"]
[White "Mayr, Thomas"]
[Black "Waller, Helmut"]
[Result "1/2-1/2"]
[WhiteElo "2106"]
[BlackElo "2115"]
[PlyCount "113"]

1.e4 c5 2.Ne2 e5 3.c4 Nf6 4.d3 d6 5.g3 Nc6 6.Bg2 Be7 7.Nbc3 Bg4 8.h3 Bd7 9.Be3
Nd4 10.O-O O-O 11.f4 exf4 12.Nxf4 Ne6 13.Kh2 Rb8 14.Rf2 a6 15.g4 b5 16.Nfd5 Nxd5
17.exd5 Nd4 18.Qd2 f5 19.g5 g6 20.Bf4 Re8 21.Ne2 Nxe2 22.Rxe2 Bf8 23.Rae1 Rxe2
24.Rxe2 Qb6 25.b3 Re8 26.Rxe8 Bxe8 27.Qe3 Bf7 28.Qd2 b4 29.Qf2 a5 30.Qg3 Qd8
31.Qe3 Qe8 32.d4 Qxe3 33.Bxe3 cxd4 34.Bxd4 Be7 35.h4 Bd8 36.Kg3 Be8 37.Kf4 Bc7
38.Bf1 a4 39.Bd3 Kf7 40.Ke3 axb3 41.axb3 Bd7 42.c5 dxc5 43.Bxc5 Bg3 44.Bxb4 Bxh4
45.Kf4 Bf2 46.Bc4 Bb6 47.Bd6 Bd8 48.b4 h6 49.gxh6 g5+ 50.Kf3 Kg6 51.Bc5 Kxh6
52.b5 Bc7 53.b6 Bb8 54.Be7 Kg6 55.Bd8 g4+ 56.Kf2 f4 57.Ba6

[Event "Aut_2.Bundesliga_Ost_2003/04"]
[Site "Bruck/Leitha (1+2), Wien (3+4), Eichgraben (5-7), Wien (8+9), Eichgraben (10+11)"]
[Date "2004.02.01"]
[Round "9"]
[Board "6"]
[White "Wadsack, Winfried"]
[Black "Hudec, Marcus"]
[Result "1-0"]
[WhiteElo "2146"]
[BlackElo "2082"]
[PlyCount "79"]

1.e4 c5 2.c3 Nf6 3.e5 Nd5 4.d4 cxd4 5.Nf3 Nc6 6.Bc4 Nb6 7.Bb3 g6 8.cxd4 Bg7
9.Nc3 d6 10.Bf4 O-O 11.h3 h6 12.O-O d5 13.Rc1 Be6 14.Bc2 Qe8 15.Bb1 f6 16.exf6
Rxf6 17.Bg3 Rxf3 18.Qxf3 Nxd4 19.Qd1 Qf7 20.Ne2 Nf5 21.b3 Bd7 22.Bc7 Bc6 23.Bxf5
Qxf5 24.Nd4 Bxd4 25.Qxd4 Nd7 26.Rfe1 e6 27.Re2 Re8 28.Rce1 a6 29.Re3 Qf7 30.Bd6
Kh7 31.Rf3 Qg7 32.Be5 Nxe5 33.Rxe5 Kg8 34.h4 Rf8 35.Rg3 Qf6 36.Qe3 Kh7 37.Rxe6
Qa1+ 38.Kh2 Rf7 39.Rgxg6 d4 40.Qxh6#

[Event "Aut_2.Bundesliga_Ost_2003/04"]
[Site "Bruck/Leitha (1+2), Wien (3+4), Eichgraben (5-7), Wien (8+9), Eichgraben (10+11)"]
[Date "2004.02.01"]
[Round "9"]
[Board "1"]
[White "Vavrak, Peter"]
[Black "Schneider-Zinner, Harald"]
[Result "1-0"]
[WhiteElo "2338"]
[BlackElo "2347"]
[PlyCount "73"]

1.e4 c6 2.c4 d5 3.cxd5 cxd5 4.exd5 Nf6 5.Bb5+ Nbd7 6.Nc3 g6 7.d4 Bg7 8.d6 exd6
9.Qe2+ Qe7 10.Bf4 d5 11.Bd6 Qe6 12.Qxe6+ fxe6 13.Nf3 a6 14.Bd3 Bf8 15.Bg3 Nh5
16.O-O Nxg3 17.hxg3 Nf6 18.Rfe1 Bb4 19.Ng5 Ke7 20.Re2 Bxc3 21.bxc3 Rd8 22.Rae1
Rd6 23.c4 h6 24.c5 Rc6 25.Nf3 g5 26.Ne5 Rc7 27.f4 gxf4 28.gxf4 Kf8 29.Re3 Rg7
30.Rh3 Ng8 31.Rb1 Ra7 32.Rb6 Ke7 33.Rh5 Kf6 34.f5 a5 35.fxe6 Bxe6 36.Ng6 Rxg6
37.Bxg6

[Event "Aut_2.Bundesliga_Ost_2003/04"]
[Site "Bruck/Leitha (1+2), Wien (3+4), Eichgraben (5-7), Wien (8+9), Eichgraben (10+11)"]
[Date "2004.02.01"]
[Round "9"]
[Board "2"]
[White "Pingitzer, Harald"]
[Black "Varga, Zoltan"]
[Result "0-1"]
[WhiteElo "2381"]
[BlackElo "2564"]
[PlyCount "108"]

1.d4 e6 2.c4 Nf6 3.Nf3 b6 4.g3 Ba6 5.Qb3 Bb7 6.Bg2 c5 7.O-O cxd4 8.Nxd4 Bxg2
9.Kxg2 Be7 10.Rd1 Qc8 11.Bf4 O-O 12.Qf3 Na6 13.Nd2 Qc5 14.N4b3 Qh5 15.Qxh5 Nxh5
16.Nf3 Nxf4+ 17.gxf4 d6 18.Nbd4 Rfc8 19.b3 Nc5 20.f5 g6 21.fxe6 fxe6 22.b4 Ne4
23.Nxe6 Rxc4 24.Rac1 Rac8 25.Rxc4 Rxc4 26.Rd4 b5 27.Rxc4 bxc4 28.Ned4 Nc3 29.a3
Kf7 30.Ne1 Bd8 31.Nec2 Bb6 32.e3 Kf6 33.Kf1 Ke5 34.Ne2 Na4 35.f3 Kd5 36.e4+ Ke5
37.Ke1 d5 38.exd5 c3 39.Na1 Kxd5 40.Kd1 Kc4 41.Kc2 Nb2 42.Nc1 h5 43.Nab3 h4
44.h3 g5 45.Nc5 Bxc5 46.bxc5 Kxc5 47.Kxc3 Nd1+ 48.Kd2 Nf2 49.Nd3+ Nxd3 50.Kxd3
Kd5 51.a4 Ke5 52.Ke3 a5 53.Ke2 Kd4 54.Kf2 Kc3

[Event "Aut_2.Bundesliga_Ost_2003/04"]
[Site "Bruck/Leitha (1+2), Wien (3+4), Eichgraben (5-7), Wien (8+9), Eichgraben (10+11)"]
[Date "2004.02.01"]
[Round "9"]
[Board "3"]
[White "Stranz, Richard"]
[Black "Kummer, Helmut"]
[Result "0-1"]
[WhiteElo "2323"]
[BlackElo "2337"]
[PlyCount "64"]

1.e4 e5 2.Nf3 Nc6 3.d4 exd4 4.Bc4 Nf6 5.e5 d5 6.Bb5 Ne4 7.Nxd4 Bc5 8.Be3 Bd7
9.Bxc6 bxc6 10.Nd2 Bxd4 11.Bxd4 Ng5 12.Nb3 Ne6 13.Nc5 Qg5 14.Nxe6 Bxe6 15.O-O
O-O 16.f4 Qg6 17.Qd2 Bf5 18.Rf3 a5 19.Rg3 Qe6 20.Ra3 a4 21.Qb4 Be4 22.Rf1 Rfb8
23.Qd2 c5 24.Bxc5 Rxb2 25.Rc1 Rb5 26.Qf2 Rab8 27.Be3 Rb1 28.Rxa4 Qc6 29.Ra3 d4
30.Bd2 Qxc2 31.Rxb1 Rxb1+ 32.Be1 Rxe1+

[Event "Aut_2.Bundesliga_Ost_2003/04"]
[Site "Bruck/Leitha (1+2), Wien (3+4), Eichgraben (5-7), Wien (8+9), Eichgraben (10+11)"]
[Date "2004.02.01"]
[Round "9"]
[Board "4"]
[White "Sandhu, Mario"]
[Black "Krpelan, Wolfgang"]
[Result "1-0"]
[WhiteElo "2338"]
[BlackElo "2232"]
[PlyCount "91"]

1.Nf3 d5 2.g3 c6 3.Bg2 Bf5 4.O-O e6 5.b3 Nf6 6.Bb2 h6 7.d3 Bc5 8.Nbd2 O-O 9.h3
Bh7 10.Re1 Qb6 11.e3 Nbd7 12.Qe2 Qa6 13.a3 Rfd8 14.Nh2 e5 15.h4 e4 16.dxe4 Qxe2
17.Rxe2 Nxe4 18.Nxe4 Bxe4 19.Bxe4 dxe4 20.Rd2 Nf8 21.Rad1 Rxd2 22.Rxd2 h5 23.Kf1
f5 24.Ke2 a6 25.Nf1 Be7 26.Rd4 Rd8 27.Rxd8 Bxd8 28.f3 exf3+ 29.Kxf3 Kf7 30.e4
fxe4+ 31.Kxe4 g6 32.Nd2 b5 33.Nf3 Nd7 34.Bd4 Ke6 35.Be3 Nf6+ 36.Kd3 Nd5 37.Nd4+
Kd7 38.Bf2 Bb6 39.c4 Bxd4 40.Kxd4 bxc4 41.bxc4 Nf6 42.Be1 Kd6 43.Bb4+ Kd7 44.a4
Ng4 45.Bd2 c5+ 46.Kxc5

[Event "Aut_2.Bundesliga_Ost_2003/04"]
[Site "Bruck/Leitha (1+2), Wien (3+4), Eichgraben (5-7), Wien (8+9), Eichgraben (10+11)"]
[Date "2004.02.01"]
[Round "9"]
[Board "5"]
[White "Ranits, Franz"]
[Black "Holzer, Gerhard"]
[Result "1-0"]
[WhiteElo "2250"]
[BlackElo "2245"]
[PlyCount "55"]

1.e4 c5 2.c3 e6 3.d4 Nf6 4.Nd2 Nc6 5.Ngf3 cxd4 6.cxd4 Bb4 7.Bd3 Qb6 8.O-O Bxd2
9.Bxd2 d5 10.e5 Ne4 11.Be3 Qxb2 12.Bxe4 dxe4 13.Ng5 Qb4 14.Qh5 g6 15.Qh6 Qf8
16.Qh3 Bd7 17.Nxe4 O-O-O 18.Bg5 Kb8 19.Bxd8 Qxd8 20.Rab1 Nxd4 21.Nd6 Bc6 22.Rb2
Qa5 23.Nxb7 Bxb7 24.Rfb1 Ka8 25.Rxb7 Rc8 26.Qe3 Qa6 27.Qe4 Ne2+ 28.Kh1

[Event "Aut_2.Bundesliga_Ost_2003/04"]
[Site "Bruck/Leitha (1+2), Wien (3+4), Eichgraben (5-7), Wien (8+9), Eichgraben (10+11)"]
[Date "2004.02.01"]
[Round "9"]
[Board "6"]
[White "Hofbauer, Martin"]
[Black "Galavics, Hermann"]
[Result "1-0"]
[WhiteElo "2267"]
[BlackElo "2086"]
[PlyCount "171"]

1.e4 e6 2.d4 d5 3.e5 c5 4.c3 Nc6 5.Nf3 Qb6 6.Be2 Bd7 7.O-O cxd4 8.cxd4 Nge7
9.Nc3 Nf5 10.Na4 Qa5 11.Bd2 Qd8 12.Be3 Qa5 13.Nc3 Be7 14.Bd3 Nxe3 15.fxe3 O-O
16.Qb1 h6 17.Qd1 f5 18.exf6 Bxf6 19.Bb1 Be8 20.Qd3 g6 21.a3 Rd8 22.Ba2 Qc7
23.Rf2 Qg7 24.Raf1 Bd7 25.Ne2 Ne7 26.e4 dxe4 27.Qxe4 Nd5 28.Nc3 Nxc3 29.bxc3 Bb5
30.Rb1 Ba6 31.Qxe6+ Kh7 32.Re1 Bb5 33.Qb3 Bc6 34.Qd1 Rfe8 35.Rff1 Rxe1 36.Rxe1
Bd5 37.Bxd5 Rxd5 38.Qb3 Rd6 39.Re8 Rb6 40.Qd5 Rb1+ 41.Kf2 Rb2+ 42.Re2 Rxe2+
43.Kxe2 Qe7+ 44.Ne5 Bxe5 45.Qxe5 Qxa3 46.Qc7+ Kg8 47.Qc8+ Kf7 48.Qxb7+ Kf6
49.Qc6+ Kf7 50.Kd3 Qa1 51.Qd5+ Ke7 52.Qe5+ Kf7 53.Qf4+ Kg7 54.d5 Qd1+ 55.Qd2
Qf1+ 56.Kc2 Qf5+ 57.Kb2 Kf7 58.Qd4 Qd7 59.c4 Qb7+ 60.Kc3 a5 61.c5 Qb1 62.Qf4+
Kg8 63.c6 Qa1+ 64.Kd3 Qb1+ 65.Ke3 Qb3+ 66.Kf2 Qxd5 67.Qc1 Qd4+ 68.Kf1 Qd3+
69.Kg1 Qd4+ 70.Kh1 Qd8 71.c7 Qc8 72.Qc6 Kf8 73.Qf6+ Ke8 74.Qxg6+ Kd7 75.Qf5+
Kxc7 76.Qxa5+ Kd7 77.Qf5+ Kc7 78.Qxc8+ Kxc8 79.g3 Kd7 80.Kg2 Ke6 81.Kh3 Kf5
82.Kh4 Kg6 83.Kg4 h5+ 84.Kf4 Kf6 85.h4 Kg6 86.Ke5

[Event "Aut_2.Bundesliga_Ost_2003/04"]
[Site "Bruck/Leitha (1+2), Wien (3+4), Eichgraben (5-7), Wien (8+9), Eichgraben (10+11)"]
[Date "2004.02.01"]
[Round "9"]
[Board "1"]
[White "Plachetka, Jan"]
[Black "Srienz, Christian"]
[Result "1-0"]
[WhiteElo "2457"]
[BlackElo "2222"]
[PlyCount "85"]

1.e4 c5 2.Nf3 Nc6 3.d4 cxd4 4.Nxd4 Nf6 5.Nc3 e5 6.Ndb5 d6 7.Bg5 a6 8.Na3 b5
9.Bxf6 gxf6 10.Nd5 f5 11.c3 Bg7 12.exf5 Bxf5 13.Nc2 Be6 14.Nce3 Ne7 15.g3 Nxd5
16.Nxd5 O-O 17.Bg2 f5 18.O-O a5 19.a4 Rb8 20.b4 e4 21.bxa5 b4 22.Nxb4 Qd7 23.Qd2
Rfc8 24.Rac1 Be5 25.Nd5 Rc5 26.c4 Kh8 27.Rb1 Qa7 28.Rxb8+ Qxb8 29.Nb6 Qa7 30.Rb1
Bg8 31.Bh3 Qf7 32.a6 f4 33.Nd7 e3 34.fxe3 fxe3 35.Qxe3 Qxc4 36.Nxe5 Rxe5 37.Qf2
Qc7 38.Rb8 Re7 39.Qf6+ Rg7 40.Rxg8+ Kxg8 41.Be6+ Kh8 42.Qf8+ Rg8 43.Qxg8#

[Event "Aut_2.Bundesliga_Ost_2003/04"]
[Site "Bruck/Leitha (1+2), Wien (3+4), Eichgraben (5-7), Wien (8+9), Eichgraben (10+11)"]
[Date "2004.02.01"]
[Round "9"]
[Board "2"]
[White "Schorn, Christoph"]
[Black "Staudner, Oliver"]
[Result "0-1"]
[WhiteElo "2215"]
[BlackElo "2359"]
[PlyCount "58"]

1.e4 e6 2.d4 d5 3.Nc3 Nf6 4.Bg5 dxe4 5.Nxe4 Be7 6.Bxf6 gxf6 7.Nf3 b6 8.Bb5+ c6
9.Bc4 Bb7 10.Qd2 Nd7 11.O-O-O Qc7 12.Qh6 O-O-O 13.Rhe1 Rdg8 14.g3 Kb8 15.Kb1 f5
16.Neg5 Rg6 17.Qh5 Nf6 18.Qh3 Bd6 19.Bxe6 fxe6 20.Nxe6 Qc8 21.Qxf5 Nd5 22.c4 Nc7
23.Nfg5 Rf8 24.Qh3 Nxe6 25.Nxe6 Rxf2 26.Re3 Rff6 27.d5 cxd5 28.cxd5 Bxd5 29.Rxd5
Rxe6

[Event "Aut_2.Bundesliga_Ost_2003/04"]
[Site "Bruck/Leitha (1+2), Wien (3+4), Eichgraben (5-7), Wien (8+9), Eichgraben (10+11)"]
[Date "2004.02.01"]
[Round "9"]
[Board "3"]
[White "Beckhuis, Gernod"]
[Black "Bechmann, Gerhard"]
[Result "1-0"]
[WhiteElo "2320"]
[BlackElo "2141"]
[PlyCount "43"]

1.Nf3 f5 2.g3 c6 3.Bg2 Nf6 4.O-O d6 5.d4 e6 6.Nbd2 Be7 7.Re1 d5 8.Ne5 O-O 9.Ndf3
Ne4 10.Nd3 Nd7 11.Bf4 c5 12.dxc5 Ndxc5 13.Be5 Qb6 14.Bd4 Bf6 15.Nxc5 Bxd4
16.Qxd4 Qxc5 17.Qxc5 Nxc5 18.c4 dxc4 19.Ne5 Rb8 20.Nxc4 Kf7 21.Rac1 Na6 22.Nd6+

[Event "Aut_2.Bundesliga_Ost_2003/04"]
[Site "Bruck/Leitha (1+2), Wien (3+4), Eichgraben (5-7), Wien (8+9), Eichgraben (10+11)"]
[Date "2004.02.01"]
[Round "9"]
[Board "4"]
[White "Thoma, Wilhelm Jun."]
[Black "Bukacek, Emil"]
[Result "1/2-1/2"]
[WhiteElo "2161"]
[BlackElo "2267"]
[PlyCount "24"]

1.d4 f5 2.Nf3 Nf6 3.g3 g6 4.Bg2 Bg7 5.O-O O-O 6.c4 d6 7.Nc3 Nc6 8.d5 Ne5 9.Nxe5
dxe5 10.Qb3 Kh8 11.Rd1 a6 12.Bd2 h6

[Event "Aut_2.Bundesliga_Ost_2003/04"]
[Site "Bruck/Leitha (1+2), Wien (3+4), Eichgraben (5-7), Wien (8+9), Eichgraben (10+11)"]
[Date "2004.02.01"]
[Round "9"]
[Board "1"]
[White "Penz, Harald"]
[Black "Tibensky, Robert"]
[Result "0-1"]
[WhiteElo "2307"]
[BlackElo "2405"]
[PlyCount "80"]

1.e4 c5 2.c3 g6 3.d4 cxd4 4.cxd4 d5 5.exd5 Nf6 6.Bb5+ Bd7 7.Bc4 b5 8.Bb3 Bg7
9.Nf3 O-O 10.O-O a5 11.a3 Na6 12.Nc3 b4 13.axb4 axb4 14.Na4 Nc7 15.Ne5 Nfxd5
16.Nxd7 Qxd7 17.Be3 Rad8 18.Qd2 Qd6 19.Qe2 Ne6 20.Rfd1 Nxd4 21.Bxd4 Nf4 22.Qe4
Bxd4 23.Rd2 e5 24.Rad1 Ne6 25.Bc4 Kg7 26.b3 h5 27.Qb7 Ng5 28.Kf1 h4 29.Qa6 Qe7
30.f4 Ne4 31.Re2 exf4 32.Qc6 Be3 33.Rd3 Rxd3 34.Bxd3 Nd2+ 35.Ke1 Nxb3 36.Qc4 Qe6
37.Qxb4 Nc1 38.Qc3+ Qf6 39.Rc2 Nxd3+ 40.Qxd3 Qa1+

[Event "Aut_2.Bundesliga_Ost_2003/04"]
[Site "Bruck/Leitha (1+2), Wien (3+4), Eichgraben (5-7), Wien (8+9), Eichgraben (10+11)"]
[Date "2004.02.01"]
[Round "9"]
[Board "2"]
[White "Banas, Jan"]
[Black "Hangweyrer, Roman"]
[Result "1/2-1/2"]
[WhiteElo "2369"]
[BlackElo "2214"]
[PlyCount "71"]

1.c4 Nf6 2.Nc3 g6 3.e4 d6 4.d4 Bg7 5.Nge2 a6 6.f3 O-O 7.Bg5 Nc6 8.Qd2 Rb8 9.d5
Na5 10.Nc1 c5 11.Nb3 Bd7 12.Nd1 Nxb3 13.axb3 Qb6 14.Qc2 e6 15.Bd3 exd5 16.cxd5
Rbe8 17.Nc3 h5 18.Be3 Nh7 19.O-O f5 20.Bf2 h4 21.h3 Qd8 22.exf5 gxf5 23.f4 Qf6
24.Kh1 Kh8 25.Rae1 b5 26.Rxe8 Rxe8 27.Ra1 Bc8 28.Re1 Rxe1+ 29.Bxe1 Nf8 30.Qe2
Qh6 31.Bd2 Bd7 32.Qe7 Qf6 33.Qxf6 Bxf6 34.Kg1 Bd4+ 35.Kf1 Kg7 36.Nd1

[Event "Aut_2.Bundesliga_Ost_2003/04"]
[Site "Bruck/Leitha (1+2), Wien (3+4), Eichgraben (5-7), Wien (8+9), Eichgraben (10+11)"]
[Date "2004.02.01"]
[Round "9"]
[Board "3"]
[White "Prager, Manfred"]
[Black "Wallner, Joachim"]
[Result "0-1"]
[WhiteElo "2099"]
[BlackElo "2297"]
[PlyCount "116"]

1.e4 c5 2.Nf3 e6 3.Be2 d6 4.d4 cxd4 5.Nxd4 Nf6 6.Nc3 a6 7.O-O Qc7 8.Be3 b6 9.Kh1
Bb7 10.Bd3 Nbd7 11.Rc1 Be7 12.f3 O-O 13.Qe1 Rfe8 14.Qg3 Bf8 15.f4 b5 16.a3 Rac8
17.Rcd1 Nc5 18.e5 Nfe4 19.Nxe4 Nxe4 20.Bxe4 Bxe4 21.c3 Red8 22.Rd2 Qb7 23.Rfd1
a5 24.Nf3 Bxf3 25.gxf3 d5 26.h4 h5 27.Bd4 g6 28.Rg2 Qc6 29.Rdg1 Kh7 30.Qf2 Be7
31.Qg3 Rg8 32.Qf2 Qd7 33.Rh2 b4 34.axb4 axb4 35.Ra1 Ra8 36.Qe1 b3 37.Qd1 Qb5
38.Rb1 Ra2 39.Kg2 Rga8 40.Kg3 R8a6 41.Rh1 R2a4 42.Rg1 Bc5 43.Rg2 Bxd4 44.cxd4
Rc4 45.Rd2 Raa4 46.Rd3 Rc2 47.Rd2 Qc4 48.Rd3 Ra2 49.Rd2 Kg7 50.Kh3 Kf8 51.Kg3
Ke8 52.Rf2 Ra4 53.Ra1 Qxd4 54.Qxd4 Rxd4 55.Ra3 Rxf2 56.Kxf2 Rd2+ 57.Kg3 Rxb2
58.Ra7 Re2

[Event "Aut_2.Bundesliga_Ost_2003/04"]
[Site "Bruck/Leitha (1+2), Wien (3+4), Eichgraben (5-7), Wien (8+9), Eichgraben (10+11)"]
[Date "2004.02.01"]
[Round "9"]
[Board "4"]
[White "Ganaus, Hannes"]
[Black "Penker, Harald"]
[Result "1/2-1/2"]
[WhiteElo "2349"]
[BlackElo "2124"]
[PlyCount "80"]

1.d4 d5 2.c4 e6 3.Nf3 c6 4.e3 Nf6 5.Nc3 Nbd7 6.Qc2 Bd6 7.Bd3 O-O 8.O-O a6 9.h3
h6 10.Rd1 Qe7 11.a3 e5 12.cxd5 cxd5 13.e4 dxe4 14.Nxe4 Nxe4 15.Bxe4 exd4 16.Nxd4
Nf6 17.Bd3 Bd7 18.Bd2 Qe5 19.Nf3 Qc5 20.Qxc5 Bxc5 21.Bc3 Ba4 22.Rdc1 Bb6 23.b3
Bd7 24.Ne5 Be6 25.Nc4 Rad8 26.Bf1 Bd4 27.Na5 Bxc3 28.Rxc3 Rd7 29.Rac1 Nd5 30.Rd3
b6 31.Nc4 Rc8 32.Rcd1 b5 33.Ne5 Rdc7 34.Rxd5 Bxd5 35.Rxd5 Rc5 36.Rxc5 Rxc5
37.Nf3 Rc1 38.g3 Ra1 39.a4 bxa4 40.bxa4 Rxa4

[Event "Aut_2.Bundesliga_Ost_2003/04"]
[Site "Bruck/Leitha (1+2), Wien (3+4), Eichgraben (5-7), Wien (8+9), Eichgraben (10+11)"]
[Date "2004.02.01"]
[Round "9"]
[Board "6"]
[White "Fusi, Christoph"]
[Black "Locatin, Marko"]
[Result "1/2-1/2"]
[WhiteElo "2241"]
[BlackElo "2036"]
[PlyCount "40"]

1.e4 d5 2.exd5 Qxd5 3.Nc3 Qa5 4.g3 Nf6 5.Bg2 c6 6.Nge2 Bg4 7.O-O e6 8.d4 Be7
9.f3 Bf5 10.Ne4 Nbd7 11.Be3 Rd8 12.c4 Nb6 13.Qb3 Qb4 14.Qxb4 Bxb4 15.c5 Nbd5
16.Bg5 h6 17.Bxf6 gxf6 18.Nd6+ Rxd6 19.cxd6 Ne3 20.Rf2 Nc2

[Event "Aut_2.Bundesliga_Ost_2003/04"]
[Site "Bruck/Leitha (1+2), Wien (3+4), Eichgraben (5-7), Wien (8+9), Eichgraben (10+11)"]
[Date "2004.02.01"]
[Round "9"]
[Board "1"]
[White "Lau, Ralf"]
[Black "Markos, Jan"]
[Result "1-0"]
[WhiteElo "2497"]
[BlackElo "2459"]
[PlyCount "33"]

1.d4 Nf6 2.Nf3 e6 3.e3 b6 4.Bd3 Bb7 5.O-O c5 6.Nbd2 cxd4 7.exd4 Be7 8.Re1 O-O
9.c3 d6 10.a4 a6 11.Nf1 Nbd7 12.Ng3 Re8 13.Bd2 Ra7 14.Ng5 Qa8 15.f3 Bf8 16.Qc2
h6 17.Bh7+

[Event "Aut_2.Bundesliga_Ost_2003/04"]
[Site "Bruck/Leitha (1+2), Wien (3+4), Eichgraben (5-7), Wien (8+9), Eichgraben (10+11)"]
[Date "2004.02.01"]
[Round "9"]
[Board "2"]
[White "Brestian, Egon"]
[Black "Kleiser, Gregor"]
[Result "1-0"]
[WhiteElo "2431"]
[BlackElo "2235"]
[PlyCount "97"]

1.Nf3 Nf6 2.b3 e6 3.Bb2 Be7 4.g3 O-O 5.Bg2 d5 6.c4 a5 7.Nc3 Nbd7 8.O-O Nb6 9.d3
a4 10.Rb1 Bd7 11.e4 c6 12.Qe2 axb3 13.axb3 Nc8 14.e5 Ne8 15.d4 Nc7 16.Ra1 Rxa1
17.Rxa1 dxc4 18.bxc4 b5 19.c5 Bg5 20.Nxg5 Qxg5 21.Ne4 Qd8 22.Bc1 Nd5 23.Bg5 Qc7
24.Qg4 Nce7 25.Bxe7 Nxe7 26.Nf6+ Kh8 27.Nxh7 Kxh7 28.Qh4+ Kg8 29.Qxe7 Re8 30.Qg5
Rb8 31.h4 Be8 32.h5 Kf8 33.h6 gxh6 34.Qxh6+ Ke7 35.f4 Kd8 36.f5 Qd7 37.Qg5+ Kc7
38.Qd2 Kc8 39.f6 b4 40.Rb1 b3 41.Kf2 Qa7 42.Bf3 Kc7 43.Bd1 Qa4 44.Qc3 Bd7
45.Rxb3 Qa2+ 46.Bc2 Rb5 47.Ra3 Qd5 48.Bd3 Kb8 49.Qa1

[Event "Aut_2.Bundesliga_Ost_2003/04"]
[Site "Bruck/Leitha (1+2), Wien (3+4), Eichgraben (5-7), Wien (8+9), Eichgraben (10+11)"]
[Date "2004.02.01"]
[Round "9"]
[Board "3"]
[White "Kreindl, Helmut"]
[Black "Lipka, Juraj"]
[Result "1/2-1/2"]
[WhiteElo "2219"]
[BlackElo "2417"]
[PlyCount "44"]

1.d4 d6 2.Nf3 Bg4 3.Bf4 Bxf3 4.exf3 g6 5.c3 Nd7 6.Bc4 e6 7.Nd2 d5 8.Bd3 Bg7
9.Qb3 Rb8 10.Qa3 a6 11.O-O Bf8 12.Qb3 Bh6 13.Bxh6 Nxh6 14.c4 c6 15.cxd5 cxd5
16.Rac1 O-O 17.Rc3 b5 18.Rc6 Nb6 19.Qc3 Rc8 20.b3 Rxc6 21.Qxc6 Qb8 22.Qc3 Qf4

[Event "Aut_2.Bundesliga_Ost_2003/04"]
[Site "Bruck/Leitha (1+2), Wien (3+4), Eichgraben (5-7), Wien (8+9), Eichgraben (10+11)"]
[Date "2004.02.01"]
[Round "9"]
[Board "4"]
[White "Alvir, Aco"]
[Black "Schwaninger, Wolfgang"]
[Result "1-0"]
[WhiteElo "2374"]
[BlackElo "2226"]
[PlyCount "73"]

1.e4 g6 2.d4 d6 3.Nc3 Bg7 4.f4 Nc6 5.Be3 e6 6.Nf3 Nf6 7.Qd2 d5 8.e5 Ng4 9.Bg1 h5
10.Nd1 Ne7 11.h3 Nh6 12.Bf2 Nhf5 13.g3 b6 14.Rg1 Nc6 15.g4 hxg4 16.hxg4 Nfe7
17.Bd3 a5 18.Ne3 Nb4 19.Be2 c5 20.c3 Nbc6 21.O-O-O Qd7 22.Kb1 c4 23.Rh1 Rg8
24.Rh7 Nd8 25.Bh4 Qa4 26.Rh1 Nec6 27.f5 gxf5 28.gxf5 Bf8 29.Bxd8 Nxd8 30.Rh8
Rxh8 31.Rxh8 Bb7 32.Ng4 exf5 33.Nf6+ Ke7 34.Rxf8 Kxf8 35.Qh6+ Ke7 36.Ng8+ Kd7
37.Qd6+

[Event "Aut_2.Bundesliga_Ost_2003/04"]
[Site "Bruck/Leitha (1+2), Wien (3+4), Eichgraben (5-7), Wien (8+9), Eichgraben (10+11)"]
[Date "2004.02.01"]
[Round "9"]
[Board "5"]
[White "Wallner, Alfred"]
[Black "Kuthan, Andreas"]
[Result "1/2-1/2"]
[WhiteElo "2241"]
[BlackElo "2237"]
[PlyCount "59"]

1.e4 e6 2.d4 d5 3.Nd2 c5 4.Ngf3 cxd4 5.exd5 Qxd5 6.Bc4 Qd6 7.Qe2 Nf6 8.Nb3 Nc6
9.Bg5 a6 10.O-O-O b5 11.Bd3 Bb7 12.Nbxd4 Nxd4 13.Nxd4 Qd5 14.Bxf6 gxf6 15.Kb1
Qe5 16.Qg4 O-O-O 17.Nf3 Qd5 18.Rhe1 h5 19.Qf4 Be7 20.c4 bxc4 21.Bxc4 Qxd1+
22.Rxd1 Rxd1+ 23.Kc2 Rhd8 24.Qh6 Be4+ 25.Kc3 Kb7 26.a3 Rc8 27.Kb3 a5 28.Be2 Bc2+
29.Ka2 Bb1+ 30.Kb3

[Event "Aut_2.Bundesliga_Ost_2003/04"]
[Site "Bruck/Leitha (1+2), Wien (3+4), Eichgraben (5-7), Wien (8+9), Eichgraben (10+11)"]
[Date "2004.02.01"]
[Round "9"]
[Board "6"]
[White "Travenec, Igor"]
[Black "Ponjican, Erich"]
[Result "1/2-1/2"]
[WhiteElo "2234"]
[BlackElo "2115"]
[PlyCount "114"]

1.e4 Nf6 2.e5 Nd5 3.d4 d6 4.Nf3 Bg4 5.Be2 Nc6 6.c4 Nb6 7.exd6 exd6 8.O-O Be7
9.b3 O-O 10.Nc3 Re8 11.Be3 Bf6 12.Qd2 d5 13.c5 Nc8 14.h3 Bxf3 15.Bxf3 N6e7
16.Bg5 Bxg5 17.Qxg5 c6 18.Rfe1 Ng6 19.Qg4 Rxe1+ 20.Rxe1 Nce7 21.b4 Kf8 22.h4 Ng8
23.h5 N6e7 24.Bd1 Qc8 25.Qf4 h6 26.g4 Qd8 27.Qe5 Qb8 28.Qe3 Qc7 29.Kg2 Re8
30.Qf3 Nc8 31.Rxe8+ Kxe8 32.b5 Nce7 33.Qe3 Kf8 34.f4 b6 35.bxc6 bxc5 36.dxc5
Qxc6 37.Bf3 Nf6 38.Qd4 Nd7 39.Nxd5 Nxd5 40.Bxd5 Qxc5 41.Qxc5+ Nxc5 42.Kf3 Ke7
43.g5 Nd7 44.Ke4 Nf8 45.Bc4 Nh7 46.Kf5 Nf8 47.Bb3 Nd7 48.Ke4 Nc5+ 49.Ke5 Nd3+
50.Kf5 Nc5 51.Bc4 Nb7 52.Ke5 f6+ 53.gxf6+ gxf6+ 54.Kd4 Kd6 55.Bg8 Nc5 56.Bf7 Kc6
57.Kc4 Na6

[Event "Aut_2.Bundesliga_Ost_2003/04"]
[Site "Bruck/Leitha (1+2), Wien (3+4), Eichgraben (5-7), Wien (8+9), Eichgraben (10+11)"]
[Date "2004.02.28"]
[Round "10"]
[Board "1"]
[White "Likavsky, Tomas"]
[Black "Brestian, Egon"]
[Result "0-1"]
[WhiteElo "2472"]
[BlackElo "2431"]
[PlyCount "124"]

1.d4 Nf6 2.c4 g6 3.Nc3 Bg7 4.e4 d6 5.Nf3 O-O 6.Be2 e5 7.O-O Nc6 8.d5 Ne7 9.Ne1
Nd7 10.Be3 f5 11.f3 f4 12.Bf2 g5 13.a4 a5 14.Nd3 b6 15.Be1 Nc5 16.Nb5 Bd7 17.b4
axb4 18.Bxb4 Nb7 19.Nc1 Bxb5 20.cxb5 Rf7 21.Qc2 Ng6 22.Nb3 Qb8 23.Kh1 Bf6
24.Rfc1 Kg7 25.Bf1 h5 26.a5 bxa5 27.Nxa5 Nxa5 28.Bxa5 Bd8 29.Qc6 Ne7 30.Qe8 Ng8
31.Bb4 Nf6 32.Qc6 Ra7 33.Ra6 Nd7 34.Be1 Rb7 35.Rca1 Nb6 36.Bf2 Bf6 37.g3 fxg3
38.hxg3 g4 39.fxg4 hxg4 40.Kg1 Bg5 41.R1a2 Qf8 42.Qxb7 Be3 43.R6a3 Rxf2 44.Rxe3
Rxf1+ 45.Kg2 Rc1 46.Re1 Qf3+ 47.Kh2 Rxe1 48.Qxc7+ Qf7 49.Ra7 Qxc7 50.Rxc7+ Kf8
51.Rc6 Nd7 52.Rxd6 Ke7 53.Re6+ Kf7 54.Rd6 Nf6 55.Rc6 Rxe4 56.Rc7+ Kg6 57.d6 Rd4
58.Rc6 Kf5 59.b6 Rb4 60.Kg2 Nd7 61.Rc7 Ke6 62.b7 Kxd6